000 00992nam a22003137a 4500
003 CHAP
005 20250903062743.0
008 971013s1978 r 00010 d
010 _a28675
011 _a29647
035 _a33758
040 _cCHAP
090 _aTesis
100 0 0 _aLastra Escudero, Jaime.
_965055
245 _aDigestibilidad in vivo e in vitro de ensilajes de nopal (Opuntia ficus-indica)
260 _aChapingo, Méx. :
_bEl autor,
_c1978
300 _a31 h.
502 _aTesis (Ing. Agrónomo. Esp. en Zootecnia) -- ENA. Departamento de Zootecnia.
590 _aALEPH
_b10
_c20130110
_lUCH01
_h1250
590 _aBATCH-UPD
_b10
_c20130110
_lUCH01
_h1818
590 _aCONVERSION
_b10
_c20130109
_lUCH01
_h1316
650 1 4 _aEnsilaje.
_937102
650 1 7 _aForrajes
_xDigestibilidad
_2
_942568
650 1 4 _aNopal como forraje.
_981712
901 _aBK
942 _cFOLL
949 _bBC
_cTES
_d-78470
_eTS1
_i33758
_si
949 _bBC
_cTES
_d-78471
_eTS2
_fc.2
_i33758
_si
999 _c28675
_d28675